Văn hóa, văn nghệ chào thế kỷ mới (Tiểu luận, phê bình, nghiên cứu)

Uloženo v:
Podrobná bibliografie
Hlavní autor: Trần, Trọng Đăng Đàn
Médium: Kniha
Jazyk:Undetermined
Vydáno: Tp. HCM Tp. HCM 2002
Témata:
Tagy: Přidat tag
Žádné tagy, Buďte první, kdo otaguje tento záznam!
Thư viện lưu trữ: Trung tâm Học liệu Trường Đại học Cần Thơ
LEADER 00605nam a2200181Ia 4500
001 CTU_47098
008 210402s9999 xx 000 0 und d
082 |a 895.92209 
082 |b Đ105/2002 
100 |a Trần, Trọng Đăng Đàn 
245 0 |a Văn hóa, văn nghệ chào thế kỷ mới 
245 0 |b (Tiểu luận, phê bình, nghiên cứu) 
245 0 |c Trần Trọng Đăng Đàn 
260 |a Tp. HCM 
260 |b Tp. HCM 
260 |c 2002 
650 |a vietnamese literature - history and criticism 
980 |a Trung tâm Học liệu Trường Đại học Cần Thơ